nancy drew mystery stories 20 (Record no. 10189)
[ view plain ]
| 000 -LEADER | |
|---|---|
| fixed length control field | 00895nam a22001817a 4500 |
| 003 - CONTROL NUMBER IDENTIFIER | |
| control field | OSt |
| 005 - DATE AND TIME OF LATEST TRANSACTION | |
| control field | 20260504015032.0 |
| 008 - FIXED-LENGTH DATA ELEMENTS--GENERAL INFORMATION | |
| fixed length control field | 260504b |||||||| |||| 00| 0 eng d |
| 040 ## - CATALOGING SOURCE | |
| Original cataloging agency | DWCL GS lib |
| Transcribing agency | OC |
| 082 ## - DEWEY DECIMAL CLASSIFICATION NUMBER | |
| Classification number | Fic. K26c 1972 |
| 100 ## - MAIN ENTRY--PERSONAL NAME | |
| Personal name | Keene, Carolyn |
| 245 ## - TITLE STATEMENT | |
| Title | nancy drew mystery stories 20 |
| Remainder of title | : the clue in the jewel box |
| Statement of responsibility, etc. | Carolyn Keene |
| 260 ## - PUBLICATION, DISTRIBUTION, ETC. | |
| Place of publication, distribution, etc. | New York |
| Name of publisher, distributor, etc. | Grosset & Dunlap |
| Date of publication, distribution, etc. | c1943 |
| 300 ## - PHYSICAL DESCRIPTION | |
| Extent | 181 |
| Other physical details | illustrations |
| Dimensions | 19cm |
| 520 ## - SUMMARY, ETC. | |
| Summary, etc. | In The Clue in the Jewel Box (#20, 1943), Nancy Drew helps Madam Alexandra, a former European queen living incognito in River Heights, find her long-lost grandson. While searching for the prince, Nancy must also identify a dangerous pickpocket operating in the city. Nancy solves both cases using clues found in a musical jewel box. |
| 700 ## - ADDED ENTRY--PERSONAL NAME | |
| Personal name | Carolyn Keene |
| 942 ## - ADDED ENTRY ELEMENTS (KOHA) | |
| Source of classification or shelving scheme | Dewey Decimal Classification |
| Koha item type | Fiction |
| Classification part | Fic. K26c 1972 |
| Suppress in OPAC | No |
| 952 ## - LOCATION AND ITEM INFORMATION (KOHA) | |
| -- | |
| Withdrawn status | Lost status | Source of classification or shelving scheme | Damaged status | Not for loan | Home library | Current library | Shelving location | Date acquired | Source of acquisition | Total Checkouts | Full call number | Barcode | Date last seen | Price effective from | Koha item type | Uniform Resource Identifier |
|---|---|---|---|---|---|---|---|---|---|---|---|---|---|---|---|---|
| Dewey Decimal Classification | Grade School Library | College Library | Fiction | 05/04/2026 | School Fund, Donation | Fic. K26c 1972 | 10097 | 05/04/2026 | 05/04/2026 | FIC. |